000 01080nam a2200289 i 4500
001 000014281
003 DO-SdBNP
005 20250206075854.0
007 ta
008 091209s1985 dr r 000 0 spa d
040 _aDO-SdBNP
_bspa
_cBNPHU
_erda
082 4 _a304.6097293
_bR426c 1985
_222
110 1 _aRepública Dominicana.
_bSecretariado Técnico de la Presidencia,
_bOficina Nacional de Estadística
_910866
245 1 0 _aCenso nacional de población y vivienda 1981 :
_bresultados preliminares obtenidos por muestra
264 1 _aSanto Domingo :
_bONE ;
_bCONAPOFA,
_c1985.
300 _a350 páginas ;
_c29 cm.
336 _atexto
_btxt
_2rdacomtent
337 _asin mediación
_bnc
_2rdamedia
338 _avolumen
_bn
_2rdacarrier
590 _aInventariado, 2018/BT
650 4 _aVivienda
_xEstadísticas
_92320
650 4 _aRepública dominicana
_xEstadística vital
_92323
651 4 _aRepública Dominicana
_xPoblación
_xEstadísticas
_92321
651 4 _aRepública Dominicana
_xCensos
_92322
910 _aValidado. control de calidad. MFF
942 _2ddc
_cLBS1
999 _c13877
_d13877